00253nam a2200097Ia 4500008004100000100002900041245004200070260002200112300000900134650001200143190216s9999||||xx |||||||||||||| ||und|| aVinayak Damodar Savarkar 4aThe Indian War Of Independence Of1857 bKishore Pubc1967 a497p aHistory